| 000 | 00402nam a22001577a 4500 | ||
|---|---|---|---|
| 008 | 210304b ||||| |||| 00| 0 eng d | ||
| 020 | _a9781471177095 | ||
| 082 | _aFIC 813.6 GRA | ||
| 100 | _aGraceffa, Joey | ||
| 245 | _aElites of Eden : a novel | ||
| 260 |
_aNew York : _bKeywords Press, _c2017. |
||
| 300 |
_a278 p. _c20 cm. |
||
| 650 | _aa novel | ||
| 700 | _aSullivan, Laura L. | ||
| 942 | _2ddc | ||
| 999 |
_c8655 _d8656 |
||